000 00511nam a2200157Ia 4500
008 160316s2009 xxu||||| |||| 00| 0 eng d
082 _a346.066460
_bCHA-2
100 _aChaturvedi R G
245 _aLaw and practice of securitisation and reconstruction of financial assets and enforcement of security interest
250 _a3rd
260 _aJaipur
_bBharat Law Publications
_c2009
300 _a1480p
_b
_c
365 _bRs. 1,895
650 _a1. Securitisation - Law - Legislations - India
700 _a
_a
999 _c25968
_d25968